Journal of the American Dietetic Association

Bibliographic Details
New Title:Journal of the Academy of Nutrition and Dietetics
Corporate Author: American Dietetic Association
Format: Electronic Journal
Language:English
Published: Chicago : American Dietetic Association
Subjects:
Online Access:Full text available from Research Library: 01/01/1995 to 11/30/2003

MARC

LEADER 00000nas a2200000 a 4500
001 ssj0000510
003 WaSeSS
005 20200512172242.0
006 m d
007 cr n
008 980209d19252011ilumr pss 0 a0eng c
010 |a  2009233338 
016 7 |a 012433602  |2 Uk 
022 |a 1878-3570  |l 0002-8223  |y 0002-8223 
035 |a (WaSeSS)ssj0000510 
040 |a FGA  |b eng  |c FGA  |d OCL  |d OCLCQ  |d COU  |d CUS  |d OCLCQ  |d DLC  |d OCLCQ  |d EBV  |d OCLCQ  |d UV0  |d AUD  |d QE2  |d GUA  |d TEF  |d OCLCQ  |d WAU  |d UKMGB  |d AGL  |d OCLCQ  |d OPELS  |d OCLCF  |d COO  |d OCLCO  |d OCLCQ  |d OCLCO  |d OCLCQ  |d TSC  |d OCLCA  |d BUF  |d AU@  |d OCLCO  |d WYU  |d U3W  |d VT2  |d OCLCO  |d WaSeSS 
042 |a pcc 
050 0 0 |a RM214  |b .A6 
060 0 0 |a W1  |b JO909C 
070 0 |a 389.8  |b Am34 
082 0 4 |a 613.205  |2 20 
130 0 |a Journal of the American Dietetic Association (Online) 
210 0 |a J. Am. Diet. Assoc.  |b (Online) 
222 0 |a Journal of the American Dietetic Association  |b (Online) 
245 1 0 |a Journal of the American Dietetic Association  |h [electronic resource]. 
246 3 |a J Am Diet Assoc 
260 |a Chicago :  |b American Dietetic Association 
310 |a Monthly 
362 1 |a Print began with vol. 1, no. 1 (June 1925); ceased with: v. 111, no. 12 (Dec. 2011). 
506 |a License restrictions may limit access. 
525 |a Some issues have supplements. 
588 |a Description based on: Vol. 95, no. 1 (Jan. 1995); title from contents screen (ScienceDirect, viewed Nov. 9, 2009). 
588 |a Latest issue consulted: Vol. 111, no. 12 (Dec. 2011) (ScienceDirect, viewed Jan. 11, 2012). 
650 0 |a Diet  |v Periodicals. 
650 0 |a Diet in disease  |v Periodicals. 
650 7 |a Diet.  |2 fast  |0 (OCoLC)fst00893284 
650 7 |a Diet in disease.  |2 fast  |0 (OCoLC)fst00893314 
650 2 |a Diet. 
650 2 |a Dietetics. 
650 2 |a Diet  |v Periodicals. 
650 2 |a Dietetics  |v Periodicals. 
655 0 |a Electronic journals. 
710 2 |a American Dietetic Association. 
776 0 8 |i Print version:  |t Journal of the American Dietetic Association  |x 0002-8223  |w (DLC) 27010036  |w (OCoLC)1083209 
785 0 0 |t Journal of the Academy of Nutrition and Dietetics  |x 2212-2672  |w (DLC) 2012252063  |w (OCoLC)772463913 
856 4 0 |z Full text available from Research Library: 01/01/1995 to 11/30/2003  |u https://search.proquest.com/publication/49142